Tutti gli Stati che hanno controllato Salto - Statistics

Statistiche generali
  • Questo quiz è stato fatto 9 volte
  • Il punteggio medio è 5 su 10
Statistiche sulle risposte
con Immagini Hint Risposta % Corretto
1756 - 1811 Impero Coloniale Spagnolo (Vicereame del Perù / Vicereame del Río de la Plata)
88%
1820 - 1822 Regno Unito di Portogallo, Brasile e Algarves
75%
1827 - 1842 Repubblica Orientale dell'Uruguay
75%
1851 - 1864 Repubblica Orientale dell'Uruguay
75%
1865 - Oggi Repubblica Orientale dell'Uruguay
75%
1822 - 1827 Impero Brasiliano
38%
1864 - 1865 Impero Brasiliano
38%
1842 - 1851 Confederazione Argentina
13%
1815 - 1820 Lega dei Popoli Uniti
13%
1811 - 1815 Province Unite del Río de la Plata
13%
Nessun quiz corrispondente trovato
Distribuzione punteggi
Percentuale di utenti per punteggio
Percentile per numero di risposta
I tuoi punteggi nel tempo
Non hai fatto questo quiz